El indígena costarricense y su ambiente natural (Registro nro. 9703)
[ vista simple ]
| 000 -CABECERA | |
|---|---|
| campo de control de longitud fija | 01001nam a22003617a 4500 |
| 005 - FECHA Y HORA DE ACTUALIZACIÓN | |
| campo de control | 20170809110157.0 |
| 008 - LONGITUD FIJA | |
| campo de control de longitud fija | 170809b xxu||||| |||| 00| 0 spa d |
| 020 ## - INTERNATIONAL STANDARD BOOK NUMBER | |
| Número Internacional Estándar del Libro | 9977944113 |
| 041 ## - IDIOMA | |
| Código de idioma del texto/pista de sonido o título separado | |
| 082 ## - CLASIFICACIÓN DECIMAL DEWEY | |
| Número de clasificación | 972.860.1 B793i |
| 100 ## - AUTOR PERSONAL | |
| Nombre de persona | Bozzoli de Wille, Maria Eugenia |
| 245 ## - TÍTULO PROPIAMENTE DICHO | |
| Título | El indígena costarricense y su ambiente natural |
| 260 ## - PIE DE IMPRENTA | |
| Lugar de publicación, distribución, etc. | Costa Rica |
| 260 ## - PIE DE IMPRENTA | |
| Nombre del editor, distribuidor, etc. | El Porvenir |
| 260 ## - PIE DE IMPRENTA | |
| Fecha de publicación, distribución, etc. | 1986 |
| 300 ## - DESCRIPCIÓN FÍSICA | |
| Extensión | 92 páginas |
| 650 ## - Materia General | |
| Materia general | COSTA RICA |
| 650 ## - Materia General | |
| Materia general | INDÍGENAS |
| 650 ## - Materia General | |
| Materia general | ABORÍGENES |
| 650 ## - Materia General | |
| Materia general | COMUNIDADES INDÍGENAS |
| 650 ## - Materia General | |
| Materia general | MALEKUS |
| 650 ## - Materia General | |
| Materia general | GUATUSOS |
| 650 ## - Materia General | |
| Materia general | CABÉCARES DEL ATLÁNTICO |
| 650 ## - Materia General | |
| Materia general | CABÉCARES DEL PACÍFICO |
| 650 ## - Materia General | |
| Materia general | BRIBRIS |
| 650 ## - Materia General | |
| Materia general | BORUCAS |
| 650 ## - Materia General | |
| Materia general | TERRABAS |
| 650 ## - Materia General | |
| Materia general | GUAYMÍES |
| 650 ## - Materia General | |
| Materia general | MATAMBÚ |
| 650 ## - Materia General | |
| Materia general | QUITIRRISÍ |
| 650 ## - Materia General | |
| Materia general | INMIGRANTES TERIBES |
| 942 ## - Punto de Acceso Adicional Koha | |
| Tipo de ítem Koha | Libro |
| Estado perdido | Estado dañado | No para préstamo | Biblioteca permanente | Biblioteca actual | Signatura completa | Código de barras | Precio efectivo a partir del | Tipo de ítem |
|---|---|---|---|---|---|---|---|---|
| Departamento de Biblioteca y Documentación Alfonso Chase Brenes | Departamento de Biblioteca y Documentación Alfonso Chase Brenes | 972.860.1 B793i | 2719 | 09/08/2017 | Libro | |||
| Departamento de Biblioteca y Documentación Alfonso Chase Brenes | Departamento de Biblioteca y Documentación Alfonso Chase Brenes | 972.860.1 B793i | 2393 | 09/08/2017 | Libro | |||
| Departamento de Biblioteca y Documentación Alfonso Chase Brenes | Departamento de Biblioteca y Documentación Alfonso Chase Brenes | 972.860.1 B793i | 2387 | 09/08/2017 | Libro | |||
| Departamento de Biblioteca y Documentación Alfonso Chase Brenes | Departamento de Biblioteca y Documentación Alfonso Chase Brenes | 972.860.1 B793i | 2110 | 09/08/2017 | Libro | |||
| Departamento de Biblioteca y Documentación Alfonso Chase Brenes | Departamento de Biblioteca y Documentación Alfonso Chase Brenes | 972.860.1 B793i | 2109 | Libro |